Chapman Library

The harper collins concise guide to world religions (Record no. 921)

000 -LEADER
fixed length control field 00383nam a22001337a 4500
020 ## - INTERNATIONAL STANDARD BOOK NUMBER
ISBN 0060621516
050 ## - LIBRARY OF CONGRESS CALL NUMBER
Classification number BL80.2
100 ## - MAIN ENTRY--AUTHOR NAME
Personal name Eliade, Mircea
Personal name Couliano, Ioan P
245 ## - TITLE STATEMENT
Title The harper collins concise guide to world religions
260 ## - PUBLICATION, DISTRIBUTION, ETC. (IMPRINT)
Place of publication New York
Name of publisher Harper Collins Publishers
Year of publication 2000
300 ## - PHYSICAL DESCRIPTION
Number of Pages xii, 301p: includes bibliographical references and index
942 ## - ADDED ENTRY ELEMENTS (KOHA)
Koha item type Books
Holdings
Koha item type Collection code Shelving location Accession Number Permanent Location Current Location Date acquired Full call number
BooksReferenceReference1522Chapman LibraryChapman Library2016-06-07BL80.2eli


CSUC Chapman Library is a Koha Automated Library.


Contact us: library@csuc.edu.gh.